Antropología y educación preescolar /

Nos motivó la idea de la Vicepresidenta de la Junta de Jardines Infantiles, Profesora Victoria Peralta, de incorporar la Antropología como cimiento básico en el currículo de educación preescolar. Es importante para la Antropología en Chile y en especial para nuestro Departamento de Antropología, rec...

Full description

Bibliographic Details
Main Author: Munizaga, Carlos
Format: Revista
Language:Spanish
Published: Santiago, Chile Universidad de Chile 1990
Subjects:
Online Access:

MARC

LEADER 00000cas a2200000 a 4500
001 039590
003 UAHC_CL
005 20171124181102.0
008 140120s1989 cl 000 spa
952 |0 0  |1 0  |4 0  |6 REV___CHIL__ANTROPOL_10_91_000000000000000  |7 0  |8 COMP  |9 75227  |a BC  |b BC  |c COMP  |d 2017-08-03  |l 0  |o REV. CHIL. ANTROPOL.-10/91  |r 2017-08-03 00:00:00  |t 1  |w 2017-08-03  |y REV 
999 |c 39590  |d 39590 
022 |a 07163312 
040 |a UAHC_CL  |c UAHC_CL  |d UAHC_CL 
100 1 |a Munizaga, Carlos 
245 1 0 |a Antropología y educación preescolar /  |c Carlos Munizaga. 
260 |b Universidad de Chile  |c 1990  |a Santiago, Chile 
300 |a pp. 71-80 
500 |a En: Revista chilena de antropología. no. 10, 1991 pp. 71-80. ISSN: 0716 3312. 
520 |a Nos motivó la idea de la Vicepresidenta de la Junta de Jardines Infantiles, Profesora Victoria Peralta, de incorporar la Antropología como cimiento básico en el currículo de educación preescolar. Es importante para la Antropología en Chile y en especial para nuestro Departamento de Antropología, recalcar que ella, en su conferencia, profundiza una línea oficial. En efecto, en un Documento del Ministerio de Educación Pública de Chile, se expresa, creemos por primera vez, en nuestro país, la importancia de la Antropología en la Educación Parvularia. 
650 4 |a ANTROPOLOGIA DE LA EDUCACION  |z CHILE 
650 4 |a EDUCACION PREESCOLAR  |z CHILE 
650 4 |a ANTROPOLOGIA CULTURAL Y SOCIAL  |z CHILE 
900 |a REV. CHIL. ANTROPOL.-10/91 
942 |c REV  |2 ddc